<?xml version="1.0" encoding="UTF-8"?>
<record
    xmlns:xsi="http://www.w3.org/2001/XMLSchema-instance"
    xsi:schemaLocation="http://www.loc.gov/MARC21/slim http://www.loc.gov/standards/marcxml/schema/MARC21slim.xsd"
    xmlns="http://www.loc.gov/MARC21/slim">

  <leader>00832nam a2200241Ia 4500</leader>
  <controlfield tag="005">20220512152347.0</controlfield>
  <controlfield tag="008">210716s2001    xx            000 0 und d</controlfield>
  <datafield tag="020" ind1=" " ind2=" ">
    <subfield code="a">8185502579</subfield>
  </datafield>
  <datafield tag="040" ind1=" " ind2=" ">
    <subfield code="c">AIMIT LIBRARY</subfield>
  </datafield>
  <datafield tag="041" ind1=" " ind2=" ">
    <subfield code="a">eng</subfield>
  </datafield>
  <datafield tag="082" ind1=" " ind2=" ">
    <subfield code="a">658.4012</subfield>
    <subfield code="2">3</subfield>
    <subfield code="b">HILC</subfield>
  </datafield>
  <datafield tag="100" ind1=" " ind2=" ">
    <subfield code="a">Hill, Charles W L.</subfield>
    <subfield code="9">36444</subfield>
  </datafield>
  <datafield tag="245" ind1=" " ind2=" ">
    <subfield code="a">Strategic management theory :</subfield>
    <subfield code="b">an integrated approch /</subfield>
    <subfield code="c">By Charles W. L. and Gareth R. Jones</subfield>
  </datafield>
  <datafield tag="250" ind1=" " ind2=" ">
    <subfield code="a">3rd ed.</subfield>
  </datafield>
  <datafield tag="260" ind1=" " ind2=" ">
    <subfield code="a">Boston :</subfield>
    <subfield code="b">Houghton mifflin Company ,</subfield>
    <subfield code="c">1998.</subfield>
  </datafield>
  <datafield tag="260" ind1=" " ind2=" ">
    <subfield code="a">Chennai</subfield>
    <subfield code="b">All India Publishers &amp; Distributors Regd.</subfield>
    <subfield code="c">1998.</subfield>
  </datafield>
  <datafield tag="300" ind1=" " ind2=" ">
    <subfield code="a">xxii, 436p. I-10</subfield>
    <subfield code="c">24 cm.</subfield>
  </datafield>
  <datafield tag="650" ind1=" " ind2=" ">
    <subfield code="a">Strategic Management</subfield>
    <subfield code="9">36445</subfield>
  </datafield>
  <datafield tag="650" ind1=" " ind2=" ">
    <subfield code="a">Nature of Competitive Advantage</subfield>
    <subfield code="9">36446</subfield>
  </datafield>
  <datafield tag="650" ind1=" " ind2=" ">
    <subfield code="a">Implementing Strategy</subfield>
    <subfield code="9">36447</subfield>
  </datafield>
  <datafield tag="700" ind1=" " ind2=" ">
    <subfield code="a">Jones, Gareth R.</subfield>
    <subfield code="9">36448</subfield>
  </datafield>
  <datafield tag="942" ind1=" " ind2=" ">
    <subfield code="2">ddc</subfield>
    <subfield code="c">BK</subfield>
    <subfield code="e">3rd ed.</subfield>
    <subfield code="k">658.4012 HILC</subfield>
  </datafield>
  <datafield tag="999" ind1=" " ind2=" ">
    <subfield code="c">200454</subfield>
    <subfield code="d">200454</subfield>
  </datafield>
  <datafield tag="952" ind1=" " ind2=" ">
    <subfield code="0">0</subfield>
    <subfield code="1">0</subfield>
    <subfield code="2">ddc</subfield>
    <subfield code="4">0</subfield>
    <subfield code="7">0</subfield>
    <subfield code="8">MBA</subfield>
    <subfield code="a">AIMIT</subfield>
    <subfield code="b">AIMIT</subfield>
    <subfield code="d">2006-01-30</subfield>
    <subfield code="g">250.00</subfield>
    <subfield code="i">Bill no:1513; Bill dt:2006-01-13</subfield>
    <subfield code="l">0</subfield>
    <subfield code="o">658.4012 HILC</subfield>
    <subfield code="p">MBA03019</subfield>
    <subfield code="r">2026-05-23 00:00:00</subfield>
    <subfield code="v">200.00</subfield>
    <subfield code="w">2021-07-16</subfield>
    <subfield code="y">BK</subfield>
  </datafield>
  <datafield tag="952" ind1=" " ind2=" ">
    <subfield code="0">0</subfield>
    <subfield code="1">0</subfield>
    <subfield code="2">ddc</subfield>
    <subfield code="4">0</subfield>
    <subfield code="7">0</subfield>
    <subfield code="8">MBA</subfield>
    <subfield code="a">AIMIT</subfield>
    <subfield code="b">AIMIT</subfield>
    <subfield code="d">2006-01-30</subfield>
    <subfield code="g">250.00</subfield>
    <subfield code="i">Bill no:1513; Bill dt:2006-01-13</subfield>
    <subfield code="l">0</subfield>
    <subfield code="o">658.4012 HILC</subfield>
    <subfield code="p">MBA03020</subfield>
    <subfield code="r">2026-05-23 00:00:00</subfield>
    <subfield code="v">200.00</subfield>
    <subfield code="w">2021-07-16</subfield>
    <subfield code="y">BK</subfield>
  </datafield>
  <datafield tag="952" ind1=" " ind2=" ">
    <subfield code="0">0</subfield>
    <subfield code="1">0</subfield>
    <subfield code="2">ddc</subfield>
    <subfield code="4">0</subfield>
    <subfield code="7">3</subfield>
    <subfield code="8">MBA</subfield>
    <subfield code="a">AIMIT</subfield>
    <subfield code="b">AIMIT</subfield>
    <subfield code="d">2006-01-30</subfield>
    <subfield code="g">250.00</subfield>
    <subfield code="i">Bill no:1513; Bill dt:2006-01-13</subfield>
    <subfield code="l">0</subfield>
    <subfield code="o">658.4012 HILC</subfield>
    <subfield code="p">MBA03021</subfield>
    <subfield code="r">2025-07-21 00:00:00</subfield>
    <subfield code="v">200.00</subfield>
    <subfield code="w">2021-07-16</subfield>
    <subfield code="y">BK</subfield>
  </datafield>
  <datafield tag="952" ind1=" " ind2=" ">
    <subfield code="0">0</subfield>
    <subfield code="1">0</subfield>
    <subfield code="2">ddc</subfield>
    <subfield code="4">0</subfield>
    <subfield code="7">0</subfield>
    <subfield code="8">MBA</subfield>
    <subfield code="a">AIMIT</subfield>
    <subfield code="b">AIMIT</subfield>
    <subfield code="d">2009-09-10</subfield>
    <subfield code="g">250.00</subfield>
    <subfield code="i">Bill no:; Bill dt:2007-09-10</subfield>
    <subfield code="l">0</subfield>
    <subfield code="o">658.4012 HILC</subfield>
    <subfield code="p">MBA04523</subfield>
    <subfield code="r">2026-05-23 00:00:00</subfield>
    <subfield code="v">250.00</subfield>
    <subfield code="w">2021-07-16</subfield>
    <subfield code="y">BK</subfield>
  </datafield>
</record>
